Этапы создания корпоративных информационных систем; Современные техника и технологии СТТ'2001; Т. 2

Bibliographische Detailangaben
Parent link:Современные техника и технологии СТТ'2001: труды VII Международной научно-практической конференции студентов, аспирантов и молодых ученых, 26 февраля - 2 марта, 2001, Томск/ Томский политехнический университет; под ред. А. С. Заворина.— , 2001
Т. 2.— 2001.— С. 282-284
1. Verfasser: Дураева О. М. Оксана Михайловна
Zusammenfassung:Перечислены основные задачи, которые должна решать корпоративная информационная система. Излагаются особенности современного подхода к проектированию таких систем. Описаны основные этапы разработки корпоративных информационных систем. Дана краткая характеристика программных продуктов для выполнения работ по моделированию работы корпоративных информационных систем.
Sprache:Russisch
Veröffentlicht: 2001
Schlagworte:
Format: MixedMaterials Buchkapitel
KOHA link:https://koha.lib.tpu.ru/cgi-bin/koha/opac-detail.pl?biblionumber=248279

MARC

LEADER 00000naa2a2200000 4500
001 248279
005 20260116115557.0
035 |a (RuTPU)RU\TPU\book\270039 
090 |a 248279 
100 |a 20140121d2001 k y0rusy50 ca 
101 0 |a rus 
102 |a RU 
200 1 |a Этапы создания корпоративных информационных систем  |f О. М. Дураева 
320 |a Библиогр.: с. 284 (4 назв.) 
330 |a Перечислены основные задачи, которые должна решать корпоративная информационная система. Излагаются особенности современного подхода к проектированию таких систем. Описаны основные этапы разработки корпоративных информационных систем. Дана краткая характеристика программных продуктов для выполнения работ по моделированию работы корпоративных информационных систем. 
461 0 |0 (RuTPU)RU\TPU\book\118947  |t Современные техника и технологии СТТ'2001  |o труды VII Международной научно-практической конференции студентов, аспирантов и молодых ученых, 26 февраля - 2 марта, 2001, Томск  |f Томский политехнический университет; под ред. А. С. Заворина  |d 2001 
463 1 |0 (RuTPU)RU\TPU\book\118411  |t Т. 2  |v С. 282-284  |d 2001 
610 1 |a труды учёных ТПУ 
700 1 |a Дураева  |b О. М.  |c специалист в области информатики и вычислительной техники  |c доцент Томского политехнического университета, кандидат технических наук  |f 1978-  |g Оксана Михайловна  |3 (RuTPU)RU\TPU\pers\31726  |9 15839 
801 1 |a RU  |b 63413507  |c 20140121 
801 2 |a RU  |b 63413507  |c 20140610  |g RCR 
942 |c BK